[Event "BCF-chT2b 1920 (4NCL)"]
[Site "Daventry"]
[Date "2020.01.12"]
[Round "4.72"]
[White "Rocco, Federico"]
[Black "Osborne, Marcus E"]
[Result "1-0"]
[WhiteElo "2139"]
[BlackElo "2128"]
[PlyCount "91"]
[EventDate "2020.01.11"]
[EventType "team-tourn"]
[EventRounds "11"]
[EventCountry "ENG"]
[SourceTitle "CBM 194 Extra"]
[Source "ChessBase"]
[SourceDate "2020.03.31"]
[SourceVersion "1"]
[SourceVersionDate "2020.03.31"]
[SourceQuality "1"]
[WhiteTeam "Barnet Knights"]
[BlackTeam "Guildford III"]
[WhiteTeamCountry "ENG"]
[BlackTeamCountry "ENG"]

1. e4 e6 2. d3 b6 3. g3 Bb7 4. Bg2 c5 5. Nf3 d6 6. 0-0 Be7 7. c4 Nf6 8. Nc3 0-0 9. Re1 Nc6 10. h3 Nd7 11. Rb1 Bf6 12. a3 Rb8 13. Ne2 Ne7 14. b4 Ng6 15. Nd2 d5 16. f4 dxe4 17. Nxe4 Be7 18. Be3 f5 19. N4c3 Bxg2 20. Kxg2 Qc7 21. Ng1 Bf6 22. Nb5 Qb7+ 23. Qf3 Rfd8 24. Qxb7 Rxb7 25. Bf2 cxb4 26. axb4 Ndf8 27. c5 bxc5 28. bxc5 Rc8 29. Nd6 Rxb1 30. Rxb1 Rc6 31. Nb5 Ne7 32. Nxa7 Ra6 33. Rb7 Ra2 34. Nf3 Nd5 35. Ne5 Bxe5 36. fxe5 Ng6 37. d4 f4 38. Nb5 fxg3 39. Rb8+ Kf7 40. Nd6+ Ke7 41. c6 Ngf4+ 42. Kxg3 Ra3+ 43. Kg4 h5+ 44. Kg5 Nxh3+ 45. Kg6 Nhf4+ 46. Kxg7 1-0

[Event "London Classic op 11th"]
[Site "London"]
[Date "2019.11.30"]
[Round "2"]
[White "Cherniaev, Alexander"]
[Black "Osborne, Marcus E"]
[Result "1-0"]
[WhiteElo "2428"]
[BlackElo "2166"]
[PlyCount "63"]
[EventDate "2019.11.29"]
[EventType "swiss"]
[EventRounds "9"]
[EventCountry "ENG"]
[SourceTitle "CBM 193 Extra"]
[Source "ChessBase"]
[SourceDate "2020.01.31"]
[SourceVersion "1"]
[SourceVersionDate "2020.01.31"]
[SourceQuality "1"]

1. d4 d5 2. Nf3 c6 3. c4 Nf6 4. g3 Bg4 5. Bg2 e6 6. 0-0 Nbd7 7. Qb3 Qb6 8. Nc3 Be7 9. Bf4 0-0 10. Rfe1 Rfd8 11. c5 Qxb3 12. axb3 Ne4 13. b4 Bf5 14. Nh4 Bxh4 15. gxh4 Ndf6 16. f3 Nxc3 17. bxc3 Bc2 18. Ra3 h6 19. Kf2 Re8 20. Bd6 a6 21. Ke3 Nd7 22. Kd2 Bg6 23. Rg1 Kh7 24. e4 f5 25. exd5 exd5 26. Bh3 Nf6 27. Raa1 Re6 28. Rg2 Rae8 29. Rag1 Nh5 30. Rxg6 Rxg6 31. Bxf5 Ree6 32. Be5 1-0

[Event "BCF-chT2b 1819 (4NCL)"]
[Site "England"]
[Date "2018.11.10"]
[Round "1.63"]
[White "Osborne, Marcus E"]
[Black "Beckett, Christopher J"]
[Result "1/2-1/2"]
[WhiteElo "2124"]
[BlackElo "2171"]
[PlyCount "83"]
[EventDate "2018.11.10"]
[EventType "team-tourn"]
[EventRounds "11"]
[EventCountry "ENG"]
[SourceTitle "EXT 2021"]
[Source "ChessBase"]
[SourceDate "2020.10.23"]
[SourceVersion "1"]
[SourceVersionDate "2020.10.23"]
[SourceQuality "1"]
[WhiteTeam "Guildford III"]
[BlackTeam "Cambridge University"]
[WhiteTeamCountry "ENG"]
[BlackTeamCountry "ENG"]

1. d4 Nf6 2. Bg5 b6 3. Nf3 Bb7 4. Nbd2 e6 5. e4 h6 6. Bxf6 Qxf6 7. c3 g6 8. e5 Qe7 9. Bd3 Bg7 10. Qe2 d6 11. Be4 d5 12. Bd3 a5 13. 0-0 0-0 14. Rfc1 Rd8 15. Nf1 Na6 16. h4 c5 17. h5 g5 18. N1h2 cxd4 19. cxd4 Nb4 20. Bb5 Rdc8 21. a3 Nc6 22. Ng4 Qd8 23. Rc3 Ne7 24. Ne3 Rxc3 25. bxc3 Qc8 26. Qd2 Ba6 27. Ba4 Qc7 28. Bc2 Rc8 29. Rc1 Kf8 30. Bd3 Bxd3 31. Qxd3 Qc6 32. c4 dxc4 33. Rxc4 Qd7 34. Rxc8+ Qxc8 35. Nc4 Nd5 36. a4 Qc6 37. Qb3 Nb4 38. Kh2 Kg8 39. Nfd2 Qd5 40. Qc3 Qc6 41. Qb3 Qd5 42. Qc3 1/2-1/2

[Event "BCF-chT2 1718 (4NCL) Promotion pool"]
[Site "England"]
[Date "2018.05.06"]
[Round "10.43"]
[White "Birtwistle, Nigel"]
[Black "Osborne, Marcus E"]
[Result "1-0"]
[WhiteElo "2136"]
[BlackElo "2152"]
[PlyCount "93"]
[EventDate "2017.11.11"]
[EventType "team-tourn"]
[EventRounds "11"]
[EventCountry "ENG"]
[SourceTitle "EXT 2020"]
[Source "ChessBase"]
[SourceDate "2019.10.17"]
[SourceVersion "1"]
[SourceVersionDate "2019.10.17"]
[SourceQuality "1"]
[WhiteTeam "Grantham Sharks II"]
[BlackTeam "Guildford III"]
[WhiteTeamCountry "ENG"]
[BlackTeamCountry "ENG"]

1. Nf3 g6 2. d4 Nf6 3. g3 Bg7 4. Bg2 0-0 5. 0-0 c5 6. c3 Qc7 7. Re1 d6 8. h3 b6 9. e4 Rd8 10. d5 Nbd7 11. Qc2 b5 12. a4 bxa4 13. Rxa4 Rb8 14. Nbd2 Nb6 15. Ra2 a5 16. c4 Nfd7 17. b3 Ne5 18. Nh4 Bb7 19. Bb2 e6 20. f4 Ned7 21. Bxg7 Kxg7 22. Qc3+ e5 23. Rxa5 Ra8 24. Rea1 Rxa5 25. Rxa5 Re8 26. Nhf3 Qd8 27. fxe5 dxe5 28. b4 Qc7 29. Kh2 Kg8 30. bxc5 Nxc5 31. Qe3 Nba4 32. Rb5 Ba6 33. Rb1 Nb6 34. Bf1 Kg7 35. Qc3 Nbd7 36. Be2 Nf6 37. Bd3 Kg8 38. Qc2 Nh5 39. Be2 f5 40. Nh4 Nf6 41. exf5 g5 42. Ng2 e4 43. Qb2 Nxd5 44. Bh5 Na4 45. Qd4 Ndc3 46. Bxe8 Nxb1 47. Bxa4 1-0

[Event "BCF-chT2b 1718 (4NCL)"]
[Site "England"]
[Date "2018.02.10"]
[Round "5.75"]
[White "Ratnesan, Ranesh"]
[Black "Osborne, Marcus E"]
[Result "1-0"]
[WhiteElo "2018"]
[BlackElo "2165"]
[PlyCount "99"]
[EventDate "2017.11.11"]
[EventType "team-tourn"]
[EventRounds "7"]
[EventCountry "ENG"]
[SourceTitle "EXT 2020"]
[Source "ChessBase"]
[SourceDate "2019.10.17"]
[SourceVersion "1"]
[SourceVersionDate "2019.10.17"]
[SourceQuality "1"]
[WhiteTeam "KJCA Kings"]
[BlackTeam "Guildford III"]
[WhiteTeamCountry "ENG"]
[BlackTeamCountry "ENG"]

1. d4 Nf6 2. c4 e6 3. g3 c5 4. Nf3 cxd4 5. Nxd4 Bb4+ 6. Bd2 Bc5 7. Nb3 Be7 8. Bg2 Qc7 9. Qc1 d6 10. Nc3 a6 11. Na4 Nc6 12. Be3 Nd7 13. f4 b6 14. 0-0 Bb7 15. Bf2 Nb4 16. Bxb7 Qxb7 17. Qc3 d5 18. c5 Nc6 19. Nxb6 Bf6 20. Qd2 h5 21. Nxa8 Qxa8 22. h4 Qd8 23. Kg2 Rh6 24. Rg1 Rg6 25. Kf1 Rg4 26. Nd4 Bxd4 27. Bxd4 f6 28. Be3 Qe7 29. Rc1 Qf7 30. Rd1 Qg6 31. Qd3 f5 32. Bf2 Ndb8 33. e3 Qf7 34. Be1 Qb7 35. Bc3 Nd7 36. Bd4 Nb4 37. Qb3 a5 38. a3 Qa6+ 39. Kf2 Nc6 40. Qc3 Qb5 41. Rc1 a4 42. Rgd1 Nxd4 43. Rxd4 Qc6 44. Qb4 e5 45. Qxa4 Qxa4 46. Rxa4 Kd8 47. Ra6 Nf6 48. Ra4 d4 49. c6 Ne4+ 50. Ke1 1-0

[Event "London Classic op"]
[Site "London"]
[Date "2017.12.05"]
[Round "5"]
[White "Osborne, Marcus E"]
[Black "Martins, David Pires Tavares"]
[Result "0-1"]
[WhiteElo "2175"]
[BlackElo "2400"]
[PlyCount "84"]
[EventDate "2017.12.02"]
[EventType "swiss"]
[EventRounds "9"]
[EventCountry "ENG"]
[SourceTitle "CBM 182 Extra"]
[Source "ChessBase"]
[SourceDate "2018.02.23"]
[SourceVersion "1"]
[SourceVersionDate "2018.02.23"]
[SourceQuality "1"]

1. d4 g6 2. g3 Bg7 3. Bg2 d6 4. Nc3 Nf6 5. Nf3 0-0 6. 0-0 c6 7. a4 Qc7 8. b3 a5 9. e4 Bg4 10. h3 Bxf3 11. Bxf3 Na6 12. Re1 Nd7 13. Bg5 e5 14. d5 f6 15. Bd2 Nb6 16. Qe2 cxd5 17. Nb5 Qd8 18. Bxa5 Nc5 19. b4 Ncd7 20. Rad1 f5 21. Bxb6 Nxb6 22. a5 dxe4 23. Rxd6 exf3 24. Qxf3 Qc8 25. Rxb6 Qxc2 26. Qd5+ Kh8 27. Nd6 f4 28. Rxb7 h6 29. Nf7+ Kh7 30. Qd7 Rg8 31. Qd1 Qc6 32. Rb6 Qc7 33. Qd5 fxg3 34. fxg3 e4 35. Re2 Qxg3+ 36. Rg2 Qe3+ 37. Kh2 Qf4+ 38. Kh1 Rac8 39. Rbxg6 Rc1+ 40. Rg1 Qf3+ 41. Kh2 Rc2+ 42. R1g2 Rxg2+ 0-1

[Event "London Classic op"]
[Site "London"]
[Date "2017.12.03"]
[Round "2"]
[White "Bartholomew, John"]
[Black "Osborne, Marcus E"]
[Result "1-0"]
[WhiteElo "2448"]
[BlackElo "2175"]
[PlyCount "53"]
[EventDate "2017.12.02"]
[EventType "swiss"]
[EventRounds "9"]
[EventCountry "ENG"]
[SourceTitle "CBM 182 Extra"]
[Source "ChessBase"]
[SourceDate "2018.02.23"]
[SourceVersion "1"]
[SourceVersionDate "2018.02.23"]
[SourceQuality "1"]

1. d4 Nf6 2. c4 e6 3. Nf3 Bb4+ 4. Bd2 Bxd2+ 5. Qxd2 0-0 6. Nc3 d5 7. e3 Qe7 8. cxd5 exd5 9. Bd3 Nc6 10. h3 Rd8 11. a3 Ne4 12. Qc2 Bf5 13. 0-0 Rd6 14. Nd2 Re8 15. Bxe4 dxe4 16. Ne2 Qg5 17. Ng3 Rg6 18. Qc5 Ne7 19. Ndxe4 Qh4 20. Nxf5 Qxe4 21. Ng3 Qh4 22. Qxc7 Qg5 23. Qd7 Rf8 24. Rac1 h5 25. Rc7 Nc6 26. Qf5 Qd8 27. Rxf7 1-0

[Event "London Classic op"]
[Site "London"]
[Date "2017.12.02"]
[Round "1"]
[White "Osborne, Marcus E"]
[Black "Chidi, Lovinia Sylvia"]
[Result "1-0"]
[WhiteElo "2175"]
[BlackElo "1676"]
[PlyCount "61"]
[EventDate "2017.12.02"]
[EventType "swiss"]
[EventRounds "9"]
[EventCountry "ENG"]
[SourceTitle "CBM 182 Extra"]
[Source "ChessBase"]
[SourceDate "2018.02.23"]
[SourceVersion "1"]
[SourceVersionDate "2018.02.23"]
[SourceQuality "1"]

1. c4 c5 2. Nc3 Nc6 3. e3 e6 4. d4 cxd4 5. exd4 d5 6. Nf3 Nf6 7. c5 b6 8. Bb5 Bb7 9. Bxc6+ Bxc6 10. Ne5 Qc7 11. b4 bxc5 12. bxc5 Be7 13. Bf4 Qc8 14. Qe2 0-0 15. Nxc6 Qxc6 16. Qb5 Rfc8 17. Qxc6 Rxc6 18. h3 Ne8 19. Kd2 Bd8 20. Rab1 Bc7 21. Bxc7 Nxc7 22. f4 g6 23. Rb7 Kg7 24. Rhb1 h6 25. Rb8 Rxb8 26. Rxb8 Kf6 27. Rb7 Kf5 28. Ke3 h5 29. Nb5 g5 30. Rxc7 gxf4+ 31. Kf3 1-0

[Event "BCF-chT2b 1617 (4NCL)"]
[Site "England"]
[Date "2017.02.11"]
[Round "5.73"]
[White "Osborne, Marcus E"]
[Black "Mason, Donald"]
[Result "0-1"]
[WhiteElo "2229"]
[BlackElo "2137"]
[PlyCount "67"]
[EventDate "2016.11.19"]
[EventType "team-tourn"]
[EventRounds "11"]
[EventCountry "ENG"]
[SourceTitle "EXT 2019"]
[Source "ChessBase"]
[SourceDate "2018.10.10"]
[SourceVersion "1"]
[SourceVersionDate "2018.10.10"]
[SourceQuality "1"]
[WhiteTeam "Guildford III"]
[BlackTeam "Warwicks Select"]
[WhiteTeamCountry "ENG"]
[BlackTeamCountry "ENG"]

1. c4 g6 2. e4 Bg7 3. d4 d6 4. Nc3 Nf6 5. Nf3 0-0 6. Be2 e5 7. d5 a5 8. Bg5 h6 9. Be3 Na6 10. Nd2 Nd7 11. g4 Ndc5 12. Nf1 f5 13. gxf5 gxf5 14. exf5 Bxf5 15. Ng3 Bg6 16. Bh5 Nd3+ 17. Kf1 Nxb2 18. Qg4 Bd3+ 19. Kg2 Nxc4 20. Bc1 Nc5 21. Nge4 Nxe4 22. Nxe4 Qc8 23. Qh4 Rf4 24. Bxf4 Bxe4+ 25. f3 exf4 26. Rae1 Bxd5 27. Rhg1 Qf8 28. Kh1 Ne5 29. Qh3 Qf6 30. Rg2 Kh8 31. Rd2 c6 32. Kg1 Rg8 33. Kf2 Be6 34. Bg4 0-1

[Event "BCF-chT2b 1617 (4NCL)"]
[Site "England"]
[Date "2017.01.15"]
[Round "4.52"]
[White "Osborne, Marcus E"]
[Black "Mitchell, Martin"]
[Result "0-1"]
[WhiteElo "2229"]
[BlackElo "2207"]
[PlyCount "56"]
[EventDate "2016.11.19"]
[EventType "team-tourn"]
[EventRounds "11"]
[EventCountry "ENG"]
[SourceTitle "EXT 2019"]
[Source "ChessBase"]
[SourceDate "2018.10.10"]
[SourceVersion "1"]
[SourceVersionDate "2018.10.10"]
[SourceQuality "1"]
[WhiteTeam "Guildford III"]
[BlackTeam "Spirit of Atticus"]
[WhiteTeamCountry "ENG"]
[BlackTeamCountry "ENG"]

1. e4 c6 2. d4 d5 3. Nd2 dxe4 4. Nxe4 Nf6 5. Nxf6+ gxf6 6. Nf3 Bg4 7. Be2 Nd7 8. 0-0 Qc7 9. c4 0-0-0 10. Qa4 Kb8 11. c5 e5 12. Qc2 exd4 13. b4 Rg8 14. Qe4 f5 15. Qf4 Ne5 16. Qxe5 Qxe5 17. Nxe5 Bxe2 18. Re1 d3 19. Bf4 Ka8 20. Nxf7 Rd5 21. Bd2 f4 22. a4 Bg7 23. Rac1 Bd4 24. Rc4 Bf3 25. Rxd4 Rxd4 26. g3 Re4 27. Rxe4 Bxe4 28. Bxf4 Rf8 0-1

[Event "London Classic op 8th"]
[Site "London"]
[Date "2016.12.10"]
[Round "2"]
[White "Bogner, Sebastian"]
[Black "Osborne, Marcus E"]
[Result "1-0"]
[WhiteElo "2564"]
[BlackElo "2257"]
[PlyCount "85"]
[EventDate "2016.12.09"]
[EventType "swiss"]
[EventRounds "9"]
[EventCountry "ENG"]
[SourceTitle "CBM 176 Extra"]
[Source "ChessBase"]
[SourceDate "2017.03.02"]
[SourceVersion "1"]
[SourceVersionDate "2017.03.02"]
[SourceQuality "1"]

1. Nf3 Nf6 2. c4 g6 3. Nc3 Bg7 4. d4 0-0 5. e4 d6 6. h3 e5 7. d5 Nh5 8. g3 f5 9. exf5 gxf5 10. Bg2 Na6 11. 0-0 Nc5 12. Nxe5 Nxg3 13. Nc6 bxc6 14. fxg3 Ba6 15. dxc6 Bxc4 16. Bd5+ Bxd5 17. Qxd5+ Kh8 18. Be3 Rb8 19. Rf2 Qf6 20. Raf1 Qg6 21. Kh2 Be5 22. Bf4 Bxf4 23. gxf4 Rg8 24. Qd4+ Qg7 25. Rd1 Rb4 26. Qxg7+ Rxg7 27. Nd5 Re4 28. b4 Ne6 29. Rdd2 Re1 30. Rg2 Re4 31. Rgf2 Re1 32. a4 Rgg1 33. Rde2 Rh1+ 34. Kg3 Rhg1+ 35. Kh4 Rxe2 36. Rxe2 Nd4 37. Re3 Nxc6 38. b5 Nd4 39. Nxc7 Ra1 40. Kg5 Rg1+ 41. Kf6 Rg6+ 42. Ke7 Kg8 43. Ne8 1-0

[Event "London Classic op 8th"]
[Site "London"]
[Date "2016.12.09"]
[Round "1"]
[White "Osborne, Marcus E"]
[Black "Johnson, Daniel"]
[Result "1-0"]
[WhiteElo "2257"]
[BlackElo "1877"]
[PlyCount "83"]
[EventDate "2016.12.09"]
[EventType "swiss"]
[EventRounds "9"]
[EventCountry "ENG"]
[SourceTitle "CBM 176 Extra"]
[Source "ChessBase"]
[SourceDate "2017.03.02"]
[SourceVersion "1"]
[SourceVersionDate "2017.03.02"]
[SourceQuality "1"]

1. e4 e6 2. d4 d5 3. Nd2 Nf6 4. e5 Nfd7 5. c3 c5 6. Bd3 Nc6 7. Ne2 Be7 8. 0-0 0-0 9. Re1 cxd4 10. cxd4 Qb6 11. Nf3 Kh8 12. Bc2 a5 13. Qd3 f5 14. exf6 Nxf6 15. a3 g6 16. Bh6 Bd7 17. Ng5 e5 18. Bxf8 Rxf8 19. Nh3 Ne4 20. Qb3 Qxb3 21. Bxb3 Bxh3 22. gxh3 Bh4 23. Bxd5 Bxf2+ 24. Kg2 Bxe1 25. Rxe1 Nd6 26. Bxc6 bxc6 27. dxe5 Nc4 28. Nd4 c5 29. Nb5 Re8 30. e6 Nxb2 31. e7 Nd3 32. Re4 Nf4+ 33. Rxf4 Rxe7 34. Ra4 Re2+ 35. Kg1 Rb2 36. Rxa5 c4 37. a4 Kg7 38. Ra7+ Kh6 39. Rc7 Rb4 40. Nc3 Kg5 41. Rc5+ Kf4 42. Nd5+ 1-0

[Event "BCF-chT1a 1617 (4NCL)"]
[Site "England"]
[Date "2016.11.20"]
[Round "2.28"]
[White "Osborne, Marcus E"]
[Black "Lauterbach, Ingrid"]
[Result "1-0"]
[WhiteElo "2253"]
[BlackElo "2104"]
[PlyCount "101"]
[EventDate "2016.11.19"]
[EventType "team-tourn"]
[EventRounds "7"]
[EventCountry "ENG"]
[SourceTitle "CBM 175 Extra"]
[Source "ChessBase"]
[SourceDate "2016.12.12"]
[SourceVersion "1"]
[SourceVersionDate "2016.12.12"]
[SourceQuality "1"]
[WhiteTeam "Guildford II"]
[BlackTeam "Barbican"]
[WhiteTeamCountry "ENG"]
[BlackTeamCountry "ENG"]

1. e4 c5 2. Nc3 e6 3. Nge2 Nc6 4. d4 cxd4 5. Nxd4 a6 6. Nxc6 dxc6 7. Qxd8+ Kxd8 8. Bf4 b5 9. 0-0-0+ Bd7 10. Be2 Nf6 11. Rd3 Bb4 12. Rhd1 Ra7 13. Bf3 Kc8 14. g4 h6 15. h4 Bc5 16. Bg3 a5 17. e5 Ne8 18. Ne4 Be7 19. Rc3 Bb4 20. Rcd3 Be7 21. c4 f5 22. exf6 gxf6 23. cxb5 f5 24. bxc6 Bxc6 25. Rc3 fxe4 26. Bxe4 Nc7 27. Bxc6 Rd8 28. Rxd8+ Bxd8 29. f4 Bf6 30. Rc4 Kd8 31. g5 Bg7 32. Bf2 Ra6 33. Bb7 Rd6 34. Bc5 Rd7 35. Bb6 hxg5 36. hxg5 Bf8 37. Bxa5 Bd6 38. Bc6 Rf7 39. Rd4 Ke7 40. Bb4 Bxb4 41. Rxb4 Kd6 42. Bg2 e5 43. g6 Rf8 44. Rb6+ Ke7 45. Rb7 Kd6 46. fxe5+ Kd7 47. e6+ Kc8 48. e7 Rg8 49. Rxc7+ Kxc7 50. Bd5 Rc8 51. Be6 1-0

[Event "GBR-ch 103rd"]
[Site "Bournemouth"]
[Date "2016.08.03"]
[Round "9"]
[White "Pert, Nicholas"]
[Black "Osborne, Marcus E"]
[Result "1-0"]
[WhiteElo "2570"]
[BlackElo "2244"]
[PlyCount "69"]
[EventDate "2016.07.25"]
[EventType "swiss"]
[EventRounds "11"]
[EventCountry "ENG"]
[SourceTitle "CBM 173 Extra"]
[Source "ChessBase"]
[SourceDate "2016.08.29"]
[SourceVersion "1"]
[SourceVersionDate "2016.08.29"]
[SourceQuality "1"]

1. d4 Nf6 2. Nf3 b6 3. Bf4 Bb7 4. e3 e6 5. Nbd2 Be7 6. h3 0-0 7. Bd3 d6 8. 0-0 Nbd7 9. Bh2 Re8 10. e4 Nf8 11. e5 dxe5 12. dxe5 N6d7 13. Ne4 Nc5 14. Nxc5 Bxc5 15. Qe2 Ng6 16. Bb5 c6 17. Rad1 cxb5 18. Rxd8 Rexd8 19. Qxb5 Bxf3 20. gxf3 Nh4 21. Qe2 Rd5 22. Rd1 Rad8 23. Rxd5 exd5 24. Kf1 Kf8 25. Bf4 h6 26. Qd3 Ng6 27. Bg3 Ne7 28. f4 g6 29. Bh4 Rd7 30. Bxe7+ Kxe7 31. f5 g5 32. h4 gxh4 33. Qh3 Ke8 34. Qxh4 Re7 35. b4 1-0

[Event "GBR-ch 103rd"]
[Site "Bournemouth"]
[Date "2016.07.25"]
[Round "1"]
[White "Ralphs, Nigel"]
[Black "Osborne, Marcus E"]
[Result "1/2-1/2"]
[WhiteElo "2000"]
[BlackElo "2244"]
[PlyCount "123"]
[EventDate "2016.07.25"]
[EventType "swiss"]
[EventRounds "11"]
[EventCountry "ENG"]
[SourceTitle "CBM 173 Extra"]
[Source "ChessBase"]
[SourceDate "2016.08.29"]
[SourceVersion "1"]
[SourceVersionDate "2016.08.29"]
[SourceQuality "1"]

1. e4 e6 2. d4 d5 3. e5 c5 4. c3 Nc6 5. Nf3 Bd7 6. Be2 Nge7 7. Na3 Ng6 8. Nc2 cxd4 9. cxd4 Be7 10. 0-0 0-0 11. g3 f6 12. h4 Nh8 13. exf6 Bxf6 14. Bg5 Nf7 15. Bxf6 Qxf6 16. Ne3 Nh6 17. Qd2 Be8 18. Rad1 Bh5 19. Ng5 Bxe2 20. Qxe2 Rae8 21. Qd3 Nf5 22. Nxf5 Qxf5 23. f4 h6 24. Qxf5 exf5 25. Nf3 Re4 26. Kf2 Rd8 27. Rd2 a5 28. Rc1 a4 29. Rc5 Kf8 30. Rb5 Rd7 31. Ne5 Rc7 32. Rxd5 Nb4 33. Rc5 Rxc5 34. dxc5 Ke8 35. a3 Na6 36. Rc2 g5 37. hxg5 hxg5 38. Kf3 Nc7 39. Re2 Rxe2 40. Kxe2 gxf4 41. gxf4 Ne6 42. Ke3 Nxc5 43. Kd2 Ke7 44. Kc3 Kd6 45. Kc4 Ne6 46. Nf7+ Ke7 47. Nh6 Kf6 48. Kb5 Nxf4 49. Kxa4 Nd5 50. Nxf5 Kxf5 51. Kb5 Ke5 52. a4 Kd6 53. a5 Kd7 54. Kc5 Nc7 55. b4 Kc8 56. b5 Ne6+ 57. Kb6 Nf8 58. Kc5 Nd7+ 59. Kd6 Nf6 60. a6 Ne4+ 61. Ke5 bxa6 62. bxa6 1/2-1/2

[Event "BCF-chT2d 1516 (4NCL) Demotion pool"]
[Site "England"]
[Date "2016.05.02"]
[Round "11.254"]
[White "Wheeler, Darren"]
[Black "Osborne, Marcus E"]
[Result "1/2-1/2"]
[WhiteElo "2215"]
[BlackElo "2213"]
[PlyCount "27"]
[EventDate "2015.11.14"]
[EventType "team-tourn"]
[EventRounds "4"]
[EventCountry "ENG"]
[SourceTitle "EXT 2023"]
[Source "ChessBase"]
[SourceDate "2022.10.05"]
[SourceVersion "1"]
[SourceVersionDate "2022.10.05"]
[SourceQuality "1"]
[WhiteTeam "The ADS"]
[BlackTeam "Guildford III"]
[WhiteTeamCountry "ENG"]
[BlackTeamCountry "ENG"]

1. e4 e6 2. d4 d5 3. Nc3 Nf6 4. Bg5 Bb4 5. e5 h6 6. Bd2 Bxc3 7. bxc3 Ne4 8. Qg4 g6 9. Bd3 Nxd2 10. Kxd2 c5 11. Qf4 Qc7 12. Qf6 Rg8 13. Qf4 Rh8 14. Qf6 1/2-1/2

[Event "BCF-chT2d 1516 (4NCL) Demotion pool"]
[Site "England"]
[Date "2016.05.01"]
[Round "10.254"]
[White "Osborne, Marcus E"]
[Black "Pickard, Charles W"]
[Result "1/2-1/2"]
[WhiteElo "2213"]
[BlackElo "2130"]
[PlyCount "146"]
[EventDate "2015.11.14"]
[EventType "team-tourn"]
[EventRounds "4"]
[EventCountry "ENG"]
[SourceTitle "EXT 2017"]
[Source "ChessBase"]
[SourceDate "2016.10.25"]
[SourceVersion "1"]
[SourceVersionDate "2016.10.25"]
[SourceQuality "1"]
[WhiteTeam "Guildford III"]
[BlackTeam "Cambridge II"]
[WhiteTeamCountry "ENG"]
[BlackTeamCountry "ENG"]

1. c4 e5 2. Nc3 d6 3. g3 g6 4. Bg2 Bg7 5. Nf3 c5 6. a3 Ne7 7. b4 0-0 8. 0-0 d5 9. cxd5 Nxd5 10. Nxd5 Qxd5 11. Ng5 Qd8 12. d3 e4 13. Rb1 exd3 14. exd3 cxb4 15. Rxb4 Na6 16. Rb3 Nc5 17. Rb5 Bd4 18. Qc2 Bf5 19. Rxc5 Bxd3 20. Qxd3 Bxf2+ 21. Rxf2 Qxd3 22. Bd5 Qd4 23. Ne4 Rad8 24. Rc4 Qd1+ 25. Rf1 Rxd5 26. Rxd1 Rxd1+ 27. Kf2 f5 28. Ng5 Rfd8 29. Bf4 b5 30. Rc6 a5 31. Ne6 R8d3 32. Rc7 Rd7 33. Rc8+ Kf7 34. Ng5+ Ke7 35. Rh8 h5 36. Be5 R7d2+ 37. Kf3 Rd3+ 38. Kg2 Kd7 39. Rh7+ Kc6 40. Rg7 Rxa3 41. Rxg6+ Kc5 42. Rf6 b4 43. Rxf5 Ra2+ 44. Kh3 a4 45. Bg7+ Kb6 46. Rf6+ Kc7 47. Rf7+ Kc8 48. Rf8+ Rd8 49. Rf4 b3 50. Rc4+ Kb7 51. Ne6 Rdd2 52. Kh4 Ka6 53. Rb4 Rxh2+ 54. Kg5 Rhc2 55. Be5 b2 56. Nc7+ Rxc7 57. Bxc7 a3 58. Be5 Ra1 59. Bxb2 axb2 60. Rxb2 Rh1 61. Rb8 Rh3 62. Kf4 Ka7 63. Rh8 Kb7 64. Kf3 Rh2 65. Kf4 Rh3 66. Rg8 Kc7 67. Ke5 Kd7 68. Rg7+ Ke8 69. Ke6 Kf8 70. Rg5 h4 71. g4 Rf3 72. Rh5 h3 73. g5 Kg7 1/2-1/2

[Event "London Crouch op"]
[Site "London"]
[Date "2016.04.10"]
[Round "9"]
[White "Ross, Chris Neil"]
[Black "Osborne, Marcus E"]
[Result "1-0"]
[WhiteElo "2194"]
[BlackElo "2213"]
[PlyCount "75"]
[EventDate "2016.04.02"]
[EventType "swiss"]
[EventRounds "9"]
[EventCountry "ENG"]
[SourceTitle "CBM 171 Extra"]
[Source "ChessBase"]
[SourceDate "2016.04.26"]
[SourceVersion "1"]
[SourceVersionDate "2016.04.26"]
[SourceQuality "1"]

1. d4 e6 2. Nf3 Nf6 3. g3 b6 4. Bg2 Bb7 5. 0-0 Be7 6. c4 0-0 7. Nc3 Ne4 8. Bd2 Bf6 9. Rc1 d6 10. Nxe4 Bxe4 11. Bc3 c6 12. Bh3 Bxf3 13. exf3 d5 14. f4 dxc4 15. Bg2 Qd6 16. b3 cxb3 17. Qxb3 Rd8 18. Rfd1 Be7 19. Ba1 Qa3 20. Qb1 Qb4 21. Qe4 Rd6 22. Qe2 Nd7 23. Bxc6 Rd8 24. d5 Nf6 25. Be5 exd5 26. Bxd6 Qxd6 27. Bb5 Ne4 28. Rc6 Qb4 29. Bd3 Qa4 30. Rc2 Re8 31. Bb5 Qa3 32. Bxe8 Bc5 33. Qd3 Qb4 34. Bc6 Bxf2+ 35. Rxf2 Qc5 36. Qd4 Qf8 37. Qxd5 Nxf2 38. Kxf2 1-0

[Event "London Crouch op"]
[Site "London"]
[Date "2016.04.09"]
[Round "8"]
[White "Osborne, Marcus E"]
[Black "Gareyev, Timur"]
[Result "0-1"]
[WhiteElo "2213"]
[BlackElo "2611"]
[PlyCount "50"]
[EventDate "2016.04.02"]
[EventType "swiss"]
[EventRounds "9"]
[EventCountry "ENG"]
[SourceTitle "CBM 171 Extra"]
[Source "ChessBase"]
[SourceDate "2016.04.26"]
[SourceVersion "1"]
[SourceVersionDate "2016.04.26"]
[SourceQuality "1"]

1. c4 e5 2. Nc3 Nf6 3. Nf3 Nc6 4. e3 d5 5. cxd5 Nxd5 6. Qc2 Nxc3 7. bxc3 Bd6 8. d4 0-0 9. Be2 Re8 10. Bd3 h6 11. 0-0 Qe7 12. d5 e4 13. Bxe4 Qxe4 14. Qxe4 Rxe4 15. dxc6 bxc6 16. Rd1 Rc4 17. Nd2 Ra4 18. Nb3 Rb8 19. Rd4 Ra6 20. Nd2 c5 21. Rd3 Be6 22. e4 c4 23. Re3 Bf4 24. Re2 Be5 25. Nb1 Rab6 0-1

[Event "London Crouch op"]
[Site "London"]
[Date "2016.04.04"]
[Round "3"]
[White "Warman, Simon M"]
[Black "Osborne, Marcus E"]
[Result "0-1"]
[WhiteElo "2130"]
[BlackElo "2213"]
[PlyCount "66"]
[EventDate "2016.04.02"]
[EventType "swiss"]
[EventRounds "9"]
[EventCountry "ENG"]
[SourceTitle "CBM 171 Extra"]
[Source "ChessBase"]
[SourceDate "2016.04.26"]
[SourceVersion "1"]
[SourceVersionDate "2016.04.26"]
[SourceQuality "1"]

1. e4 e6 2. d4 d5 3. Nd2 Nf6 4. e5 Nfd7 5. Bd3 c5 6. c3 Nc6 7. Qg4 f5 8. Qf4 cxd4 9. cxd4 g5 10. Qe3 h5 11. Ne2 Bh6 12. h4 g4 13. Nf4 Qb6 14. Nb3 a5 15. Qg3 a4 16. Nxe6 axb3 17. Bxh6 Rxh6 18. Ng7+ Kd8 19. Nxf5 Qb4+ 20. Kf1 bxa2 21. Kg1 Re6 22. Qf4 Qxb2 23. Kh2 Ra3 24. Ng7 Nxd4 25. Qxd4 Rb6 26. Qxd5 Qxe5+ 27. Qxe5 Nxe5 28. Be4 g3+ 29. fxg3 Ng4+ 30. Kg1 Rb4 31. Bh7 Rc4 32. Nxh5 Rc1+ 33. Rxc1 a1Q 0-1